000
00523nam a2200145Ia 4500
008
151213s9999 xx 000 0 und d
100
_a
জুবাইদা গুলশান আরা
245
_a
বাতাসে বারুদ
_c
জুবাইদা গুলশান আরা
260
_a
ঢাকা
_b
আমেনা আব্দুল্লাহ
_c
1986
300
_a
8711 p.
650
_a
Bangla
650
_a
গল্প
700
_a
জুবাইদা গুলশান আরা
999
_c
4497
_d
4497